00655nam a22001937a 450000500170000001000150001702000260003203500130005803700130007108200150008410000200009924500520011926000340017127000630020530000380026852000690030660000300037565000560040520140207152626.0 aENG-109158 a9789383098033c495.00 aEN-92691 bDBAD/PUB a796.345092 aSukumar, Dev S. aThe Prakash Padukone story /cby Dev S. Sukumar aNew DelhibNiyogi Booksc2013 bNew Delhie110020aD- 78, Okhala Industrial Area, Phase- 1 ax,242p. :c23cm(pbk) bill. aPrakash Padukone,b1955, badminton player from Karnataka, India. aPadukone, Prakash,d1955- aBadminton playersz India zKarnataka v Biography.